Nové nálezy ohrozených a vzácnejších taxónov cievnatých rastlín v Malých Karpatoch. III.

Bibliographic Details
Main Author: Králik, Tibor (Author)
Format: Article
Language:Slovak

MARC

LEADER 00000nab a2200000ua 4500
001 vtls010834533
003 SK-MaSNL
005 20260303104207.0
008 230121s2010 xo |||||||||||||||||slo|
035 |a (urnnbn)urn:nbn:sk:snk:ar-a06oie 
035 |a urn:nbn:sk:snk-ab5ypd 
035 |a (uuid)56363b88-7073-49bb-9bad-8c821aa757a5 
040 |a SNKBUCL  |b slo  |c SNKBUCL  |e AACR2 
041 0 |a slo 
044 |a xo  |c SK 
100 1 |a Králik, Tibor  |4 aut  |9 460714 
245 1 0 |a Nové nálezy ohrozených a vzácnejších taxónov cievnatých rastlín v Malých Karpatoch. III.  |c Tibor Králik 
246 3 |a New findings of threatened and rare taxa of vascular plants in the Malé Karpaty Mts. III. 
773 0 |t Bulletin Slovenskej botanickej spoločnosti pri Slovenskej akadémii vied  |g Roč. 32, č. 2 (2010), s. 191-201 
954 |a odborná, vedecká literatúra pôvodná (slovenská)  |2 lita 
958 |a OND 
958 |a EUIPO 
958 |a article5 
999 |c 1854921  |d 1856851